| 000 | 01303nam a2200337 a 4500 | ||
|---|---|---|---|
| 001 | 000109114 | ||
| 003 | CHAP | ||
| 005 | 20220329144038.0 | ||
| 008 | 140403s2013 mx a sm |||||||spa d | ||
| 010 | _a105576 | ||
| 011 | _a106548 | ||
| 040 | _cCHAP | ||
| 090 | _aTesis | ||
| 100 | 1 |
_aViera Jasso, Soriana Yajaira _9126246 |
|
| 245 | 1 | 0 |
_aEvaluación de dosis de biofertilizante y sanialgas en la producción de maiz (Zea mays L.) forrajero en la Comarca Lagunera / _h[En línea] _cpor Soriana Yajaira Viera Jasso. |
| 260 |
_aChapingo, Méx. : _bEl autor., _c2013. |
||
| 500 | _aPara ver el contenido del material haga clic en la liga | ||
| 502 | _aTesis (Ing. Agr. Esp. en Sistemas Agrícolas) -- UACH. Dirección de Centros Regionales | ||
| 590 |
_aBATCH-UPD _b10 _c20141002 _lUCH01 _h0859 |
||
| 590 |
_aE11695DGD _b10 _c20140408 _lUCH01 _h1329 |
||
| 590 |
_aE11695DGD _b10 _c20141103 _lUCH01 _h0830 |
||
| 590 |
_aE5652GLJ _b05 _c20140403 _lUCH01 _h1417 |
||
| 590 |
_aE5652GLJ _b05 _c20140403 _lUCH01 _h1417 |
||
| 650 | 1 | 4 |
_aBiofertilizantes. _912734 |
| 650 | 1 | 4 |
_aForrajes _xComarca Lagunera. _942562 |
| 650 | 1 | 4 |
_aMaíz como forraje _xFertilizantes efecto en. _9126247 |
| 856 |
_aFinding aid _uhttp://10.13.5.2/tesis/sist109114.pdf _zTeclea aquí |
||
| 901 | _aBK | ||
| 942 | _cTESIS | ||
| 942 | _n0 | ||
| 999 |
_c105576 _d105576 |
||